| 000 | 00537nam a2200145 a 4500 | ||
|---|---|---|---|
| 001 | 000040829 | ||
| 005 | 20201002034418.0 | ||
| 008 | 130909s1987 dr 000 0 spa d | ||
| 040 |
_aDO-SdBNP _bspa _cBNPHU |
||
| 100 | 1 |
_aAlvarado, Raul _967251 |
|
| 245 | 1 | 0 |
_aManual de prácticas de laboratorio : física general I / _cRaul Alvarado, Rafael Despradel. |
| 260 |
_aSantiago de los Caballeros, República Dominicana : _bUniversidad Católica Madre y Maestra, _c1987. |
||
| 300 |
_a56 p. : _bil. ; _c29 cm. |
||
| 700 | 1 |
_aDespradel, Rafael _967252 |
|
| 999 |
_c40319 _d40319 |
||